Culture Générale - Série 1582 - Statistiques

Statistiques générales
  • Ce quiz a été pris 117 fois
  • Le résultat moyen est 5 sur 10
Statistiques - réponses
Question Réponse % Correct
De quel pays européen est originaire la ricotta ? Italie
96%
Quel sport de lutte traditionnel japonais passionne Jacques Chirac ? sumo
91%
Quelle communauté autonome du sud de l'Espagne a pour capitale Séville ? Andalousie
81%
Quel mammifère ruminant, portant des bois, peut être "élaphe" ou "sika" ? cerf
66%
Quel nom de famille royale est devenu un adjectif qualifiant un nez long et busqué ? Bourbon
31%
Quelle équipe nationale de football est surnommée " La Nati" ? Suisse
30%
Quel personnage a été créé par Edgar Rice Burroughs, en 1912 ? Tarzan
26%
Quel chanteur et acteur français a écrit les paroles du tube de Johnny Hallyday "Retiens la nuit" ? Charles Aznavour
19%
Quel conifère a pour nom scientifique “Larix” ? mélèze
18%
Dans une pièce de Shakespeare de 1606, quel héros tue le roi Duncan ? Macbeth
17%
Aucun quiz correspondant
Distribution des résultats
% des personnes avec chaque résultat
Percentile par nombre de réponses
Votre historique - résultats
Vous n’avez pas pris ce quiz